[Event "9th Figueira da Foz Open"]
[Site "Figueira da Foz POR"]
[Date "2015.11.22"]
[Round "3.14"]
[White "Azul, Artur"]
[Black "Felizes, P"]
[Result "0-1"]
[WhiteElo "1528"]
[BlackElo "1933"]
[EventDate "2015.11.21"]
[WhiteFideId "1928406"]
[BlackFideId "1900889"]

1.e4 e5 2.Nf3 Nc6 3.Bc4 Nf6 4.d3 Be7 5.O-O O-O 6.c3 d6 7.h3 Na5 8.Bb3 Nxb3
9.axb3 Be6 10.c4 Nd7 11.Be3 f5 12.Qc2 fxe4 13.dxe4 Rxf3 14.gxf3 Bxh3 15.
Rd1 Qe8 16.Kh2 Qh5 17.Nd2 Rf8 18.Rh1 Rf6 19.Nf1 Bxf1+ 0-1

[Event "TCh-SVK 2015-16"]
[Site "Slovakia SVK"]
[Date "2015.11.21"]
[Round "3.5"]
[White "Jacko, V2"]
[Black "Berezjuk, S"]
[Result "0-1"]
[WhiteElo "2339"]
[BlackElo "2397"]
[EventDate "2015.10.10"]
[WhiteTitle "FM"]
[BlackTitle "IM"]
[WhiteTeam "SK Prakovce"]
[BlackTeam "SK Caissa Cadca"]
[WhiteFideId "14915928"]
[BlackFideId "312614"]

1.e4 e5 2.Nf3 Nc6 3.Bc4 Bc5 4.O-O Nf6 5.d4 Bxd4 6.Nxd4 Nxd4 7.f4 d6 8.fxe5
dxe5 9.Bg5 Qe7 10.c3 Ne6 11.Bxf6 gxf6 12.Na3 Bd7 13.Qf3 Nf4 14.Qe3 h5 15.
Kh1 h4 16.Rad1 a6 17.Nc2 Be6 18.Bxe6 fxe6 19.Ne1 Rd8 20.Nd3 Qd7 21.Nf2 Qg7
22.Qf3 Ke7 23.Nh3 Nxh3 24.Qxh3 Qg5 25.Qf3 Rxd1 26.Rxd1 Rd8 27.Rxd8 Kxd8 
28.Qd1+ Ke7 29.h3 Qe3 30.Qc2 b5 31.c4 b4 32.Kh2 a5 33.Kh1 Kd6 34.Qa4 Qc1+ 
35.Kh2 Qxc4 36.Qxa5 Qxe4 37.Qa6+ Ke7 38.Qc8 Qf4+ 39.Kh1 e4 40.Qg8 Qc1+ 41.
Kh2 Qf4+ 42.Kh1 e3 43.Qg7+ Kd6 44.Qf8+ Kd5 45.Qa8+ Kd4 46.Qd8+ Kc4 47.b3+ 
Kc3 48.Qd1 Kb2 49.Qe2+ Kb1 50.Qd1+ Kxa2 51.Qc2+ Ka3 52.Qc1+ Kxb3 0-1

[Event "TCh-BEL 2015-16"]
[Site "Belgium BEL"]
[Date "2015.11.22"]
[Round "4.8"]
[White "Allaert, D"]
[Black "Veltkamp, G"]
[Result "1/2-1/2"]
[WhiteElo "2142"]
[BlackElo "2139"]
[EventDate "2015.09.27"]
[WhiteTeam "Fontaine 1"]
[BlackTeam "Borgerhout 1"]
[WhiteFideId "209384"]
[BlackFideId "4631307"]

1.e4 e5 2.Nf3 Nc6 3.Bc4 Nf6 4.d3 Be7 5.O-O O-O 6.Re1 d6 7.a4 Kh8 8.c3 Ng8 
9.Nbd2 f5 10.Bd5 Nf6 11.Bxc6 bxc6 12.d4 fxe4 13.Nxe4 Nxe4 14.Rxe4 Bf5 15.
Re1 e4 16.Nd2 d5 17.Nf1 c5 18.dxc5 Bxc5 19.Be3 Bd6 20.Qd2 Be6 21.b4 Qf6 
22.Rab1 a6 23.Bc5 Bf4 24.Be3 Bd6 25.Bc5 Bf4 26.Be3 1/2-1/2

[Event "TCh-CZE 1 Liga Vychod"]
[Site "Czech Republic CZE"]
[Date "2015.11.15"]
[Round "3.8"]
[White "Zajicek, Tomas"]
[Black "Novak, Jir1"]
[Result "1/2-1/2"]
[WhiteElo "2066"]
[BlackElo "1928"]
[EventDate "2015.10.11"]
[BlackTitle "CM"]
[WhiteTeam "A64 VALOZ Grygov"]
[BlackTeam "SK Slavia Orlova A"]
[WhiteFideId "360210"]
[BlackFideId "312088"]

1.e4 e5 2.Nf3 Nc6 3.Bc4 Bc5 4.O-O d6 5.h3 Na5 6.Bb5+ c6 7.Be2 b5 8.c3 Bb6 
9.d4 exd4 10.cxd4 Ne7 11.d5 a6 12.dxc6 O-O 13.Bf4 Bc7 14.Qc2 Naxc6 15.Rd1 
Bb7 16.Nc3 Qb8 17.Nd5 Nxd5 18.exd5 Ne7 1/2-1/2

[Event "11th Ugra Governor's Cup"]
[Site "Khanty-Mansiysk RUS"]
[Date "2015.11.28"]
[Round "6.6"]
[White "Goganov, A"]
[Black "Litvinov, Maxim"]
[Result "1/2-1/2"]
[WhiteElo "2597"]
[BlackElo "2391"]
[EventDate "2015.11.23"]
[WhiteTitle "GM"]
[WhiteFideId "24109959"]
[BlackFideId "24157449"]

1.e4 e5 2.Nf3 Nc6 3.Bc4 Bc5 4.c3 Nf6 5.d3 d6 6.O-O O-O 7.Nbd2 Bb6 8.a4 a6 
9.b4 Ne7 10.a5 Ba7 11.Re1 Ng6 12.Nf1 Be6 13.Ng3 Qd7 14.Bxe6 fxe6 15.d4 
exd4 16.cxd4 Kh8 17.h3 d5 18.e5 Ng8 19.Be3 N8e7 20.Nh5 Nf5 21.g4 Nxe3 22.
fxe3 Qe7 23.Rb1 Rf7 24.Rf1 Raf8 25.Qe2 c6 26.Ng3 Nh4 27.Nxh4 Qxh4 28.Kg2 
Kg8 29.Nh5 Qe7 30.Qd2 Rxf1 31.Rxf1 Rxf1 32.Kxf1 Bb8 33.Nf4 Bc7 34.Kg2 Bd8 
35.Nd3 Qd7 36.Nc5 Qc8 37.Qf2 Be7 38.Qc2 Bxc5 39.bxc5 Qd8 40.Qd2 Qe7 41.Qb4
Qc7 42.Kg3 g5 43.Qd2 1/2-1/2

[Event "11th Ugra Governor's Cup"]
[Site "Khanty-Mansiysk RUS"]
[Date "2015.11.30"]
[Round "8.9"]
[White "Belyakov, B"]
[Black "Predke, A"]
[Result "0-1"]
[WhiteElo "2511"]
[BlackElo "2518"]
[EventDate "2015.11.23"]
[WhiteTitle "IM"]
[WhiteFideId "24104795"]
[BlackFideId "24107581"]

1.e4 e5 2.Nf3 Nc6 3.Bc4 Bc5 4.O-O Nf6 5.d3 O-O 6.Bb3 d6 7.c3 a6 8.h3 Ne7 
9.Re1 Ng6 10.Nbd2 Ba7 11.Nf1 Nh5 12.Bg5 Qe8 13.Nh4 Ngf4 14.Nf5 Kh8 15.N1g3
Nxg3 16.Nxg3 Bxh3 17.Bxf4 exf4 18.Nh5 Bd7 19.d4 c5 20.Nxf4 Qe7 21.Nd5 Qg5 
22.Re3 cxd4 23.cxd4 Bg4 24.Qd2 Bf3 25.g3 Qh6 0-1

[Event "1st Patagonia Open 2015"]
[Site "Neuquen ARG"]
[Date "2015.11.24"]
[Round "4.15"]
[White "Sanhueza, C"]
[Black "Rossi, Juan"]
[Result "1-0"]
[WhiteElo "2264"]
[BlackElo "1845"]
[EventDate "2015.11.21"]
[WhiteFideId "116815"]
[BlackFideId "148210"]

1.e4 e5 2.Nf3 Nc6 3.Bc4 Nf6 4.d4 exd4 5.O-O d6 6.Nxd4 Be7 7.Nc3 O-O 8.a3 
Ne5 9.Bb3 a6 10.f4 Ng6 11.a4 c5 12.Nf3 Be6 13.Bxe6 fxe6 14.Ng5 Qd7 15.f5 
exf5 16.exf5 Ne5 17.Ne6 Rf7 18.Bf4 Qc6 19.Bxe5 dxe5 20.Qe2 Bd6 21.Ng5 Re7 
22.Qc4+ Kf8 23.Ne6+ Ke8 24.Rad1 Nd7 25.Ne4 Nb6 26.Nxd6+ Qxd6 27.Qh4 1-0

[Event "1st Patagonia Open 2015"]
[Site "Neuquen ARG"]
[Date "2015.11.24"]
[Round "5.2"]
[White "Rodriguez Vila, A"]
[Black "Bachmann, Ax"]
[Result "1/2-1/2"]
[WhiteElo "2477"]
[BlackElo "2601"]
[EventDate "2015.11.21"]
[WhiteTitle "GM"]
[BlackTitle "GM"]
[WhiteFideId "3000010"]
[BlackFideId "3700488"]

1.e4 e5 2.Nf3 Nc6 3.Bc4 Bc5 4.c3 Nf6 5.d4 exd4 6.cxd4 Bb4+ 7.Nbd2 Nxe4 8.
O-O Nxd2 9.Re1+ Ne7 10.Bxd2 Bxd2 11.Qxd2 d5 12.Bxd5 Qxd5 13.Re5 Qd6 14.
Rae1 O-O 15.Rxe7 Bg4 16.Qd3 h6 17.Qb3 Bxf3 18.Qxf3 Qxd4 19.b3 Qb4 20.h4 
Rad8 21.R1e4 Qd6 22.g3 b6 23.Qf4 Qxf4 24.Rxf4 Rd1+ 25.Kg2 Rc1 26.Rd4 Rc2 
27.Rdd7 Rxa2 28.Rxc7 Ra3 29.Rxa7 Rxb3 30.Reb7 1/2-1/2

[Event "1st Patagonia Open 2015"]
[Site "Neuquen ARG"]
[Date "2015.11.28"]
[Round "9.7"]
[White "Blit, J"]
[Black "Toniutti, E"]
[Result "1/2-1/2"]
[WhiteElo "2349"]
[BlackElo "2247"]
[EventDate "2015.11.21"]
[WhiteTitle "IM"]
[BlackTitle "FM"]
[WhiteFideId "114839"]
[BlackFideId "113034"]

1.e4 e5 2.Nf3 Nc6 3.Bc4 Nf6 4.d3 Be7 5.Bb3 O-O 6.c3 d6 7.Nbd2 Na5 8.Bc2 c5
9.Nf1 Qc7 10.Ng3 Be6 11.O-O Rad8 12.Ng5 Bc8 13.f4 Nc6 14.f5 b5 15.Nh5 Nxh5
16.Qxh5 Bxg5 17.Bxg5 f6 18.Be3 Qf7 19.Bb3 c4 20.Qxf7+ Rxf7 21.dxc4 Na5 22.
cxb5 Nxb3 23.axb3 Bb7 24.Ra4 d5 25.Rd1 d4 26.Rxa7 Bxe4 27.b6 Bxf5 28.cxd4 
Be4 29.Rd2 Rfd7 30.d5 Rxd5 31.Rxd5 Bxd5 32.b4 Rb8 33.Rd7 Be4 34.Bc5 Rb7 
35.Rd8+ Kf7 36.Kf2 Ke6 37.Rd6+ Kf5 38.Rd2 Kg5 39.b5 f5 40.Rd6 f4 41.Rc6 
Kf5 42.Rd6 g5 43.h3 g4 44.hxg4+ Kxg4 45.Rh6 Kg5 46.Rd6 Kg4 47.Rh6 1/2-1/2

[Event "Heusenstamm Schloss Open"]
[Site "Heusenstamm GER"]
[Date "2015.11.27"]
[Round "3.11"]
[White "Benninger, R"]
[Black "Zeller, F"]
[Result "0-1"]
[WhiteElo "2119"]
[BlackElo "2392"]
[EventDate "2015.11.26"]
[BlackTitle "IM"]
[WhiteFideId "4699564"]
[BlackFideId "4613007"]

1.e4 e5 2.Nf3 Nc6 3.Bc4 Nf6 4.d3 Be7 5.O-O O-O 6.Re1 d6 7.c3 Na5 8.Bb5 a6 
9.Ba4 c5 10.Nbd2 b5 11.Bc2 Nc6 12.Nf1 Re8 13.d4 cxd4 14.cxd4 Bg4 15.Be3 
exd4 16.Bxd4 Nxd4 17.Qxd4 Bxf3 18.gxf3 Nd7 19.Rad1 Ne5 20.Kg2 Ng6 21.Kh1 
Qc8 22.Bb3 Qh3 23.Nd2 Bf6 24.Qe3 Be5 25.f4 Nxf4 26.Qxh3 Nxh3 27.Kg2 Nf4+ 
28.Kf3 Ne6 29.Ke3 Bd4+ 30.Ke2 Bxb2 31.Kf1 Bc3 32.Re3 Be5 33.Nf3 Bf4 34.Re2
Rac8 0-1

[Event "ch-TUR 2015"]
[Site "Adana TUR"]
[Date "2015.11.28"]
[Round "2.4"]
[White "Eminov, O"]
[Black "Yaran, Siar"]
[Result "0-1"]
[WhiteElo "2316"]
[BlackElo "2141"]
[EventDate "2015.11.27"]
[WhiteTitle "FM"]
[BlackTitle "CM"]
[WhiteFideId "13402153"]
[BlackFideId "6323006"]

1.e4 e5 2.Nf3 Nc6 3.Bc4 Bc5 4.c3 Nf6 5.d3 a6 6.Nbd2 O-O 7.h3 d6 8.Bb3 Ba7 
9.Nf1 d5 10.Qe2 Be6 11.Ng3 Na5 12.Bc2 dxe4 13.dxe4 Bc4 14.Qd2 Qxd2+ 15.
Bxd2 Nc6 16.b3 Be6 17.Ke2 h6 18.Rad1 Rfd8 19.Nf1 a5 20.g4 a4 21.g5 axb3 
22.axb3 hxg5 23.Nxg5 Nh5 24.Nxe6 fxe6 25.Ng3 Nf4+ 26.Bxf4 exf4 27.Nh5 f3+ 
28.Ke1 Ne5 29.Rg1 Rxd1+ 30.Bxd1 Bb6 31.Rxg7+ Kf8 32.Rg5 Nd3+ 33.Kd2 Nxf2 
34.Bxf3 Ra2+ 35.Kc1 Nd3+ 36.Kb1 Rb2+ 37.Ka1 Rxb3 38.Bg4 Rxc3 39.Bxe6 Bd4 
40.Ka2 Rc2+ 41.Kb3 Rc3+ 42.Ka2 Nb4+ 43.Kb1 Re3 44.Kc1 Rxe4 45.Rb5 Rxe6 46.
Rxb4 Be5 47.Nf4 Bxf4+ 48.Rxf4+ Ke7 49.Kd2 Kd6 50.h4 Re5 51.Kc3 b5 52.Kb4 
c6 53.Rd4+ Rd5 54.Rg4 Rd1 55.Rg6+ Kc7 56.h5 Rd4+ 57.Kc3 Rh4 58.h6 Kb6 59.
Kb3 Rh5 60.Kb4 Rh4+ 61.Kb3 Kc5 62.Rg5+ Kd4 63.Rg6 c5 64.Rd6+ Ke5 65.Rb6 
Rh3+ 66.Kc2 b4 67.Rg6 Kd4 68.Rg4+ Kd5 69.Rg5+ Kc4 70.Rg4+ Kb5 71.Rg5 Rxh6 
72.Kb3 Rh3+ 73.Kc2 b3+ 74.Kb2 Kb4 75.Rg4+ c4 76.Rf4 Rh2+ 77.Kb1 Ka3 0-1

[Event "29th Belgrade Trophy 2015"]
[Site "Belgrade SRB"]
[Date "2015.11.25"]
[Round "2.3"]
[White "Sokic, D"]
[Black "Vishnu, P"]
[Result "0-1"]
[WhiteElo "2184"]
[BlackElo "2514"]
[EventDate "2015.11.24"]
[BlackTitle "GM"]
[WhiteFideId "945188"]
[BlackFideId "5030692"]

1.e4 e5 2.Nf3 Nc6 3.Bc4 Bc5 4.b4 Bb6 5.Bb2 Nf6 6.Nxe5 Nxe5 7.Bxe5 Qe7 8.
Bg3 d5 9.Be2 Nxe4 10.c3 h5 11.d4 c6 12.Bf4 g5 13.Be3 Bd7 14.Bxh5 O-O-O 15.
Bf3 f5 16.Bxe4 Qxe4 17.Nd2 Qe7 18.Nf3 f4 19.Ne5 fxe3 20.Ng6 Qf6 0-1

[Event "29th Belgrade Trophy 2015"]
[Site "Belgrade SRB"]
[Date "2015.11.27"]
[Round "4.20"]
[White "Masic, P"]
[Black "Jovanovic, Alek SRB"]
[Result "1-0"]
[WhiteElo "2341"]
[BlackElo "2113"]
[EventDate "2015.11.24"]
[WhiteTitle "IM"]
[WhiteFideId "913243"]
[BlackFideId "931942"]

1.e4 e5 2.Nf3 Nc6 3.Bc4 Bc5 4.c3 Qe7 5.O-O d6 6.b4 Bb6 7.a4 a6 8.d3 Nf6 9.
Nbd2 O-O 10.Bb3 Be6 11.Nc4 Bxc4 12.Bxc4 Nd8 13.Ra2 Ne6 14.Re2 Nh5 15.g3 c6
16.Kh1 Rad8 17.a5 Ba7 18.Bb3 Kh8 19.Nh4 g6 20.Ng2 Neg7 21.f4 f5 22.Qe1 Bb8
23.exf5 gxf5 24.Nh4 Rde8 25.fxe5 dxe5 26.Nf3 Qd6 27.Bc4 Nf6 28.Be3 Ng4 29.
Bc5 Qh6 30.Bxf8 Rxf8 31.Qc1 f4 32.Nh4 Qh5 33.d4 Nf5 34.Nxf5 Rxf5 35.gxf4 
exf4 36.Rg1 f3 37.Rxg4 1-0

[Event "29th Belgrade Trophy 2015"]
[Site "Belgrade SRB"]
[Date "2015.11.28"]
[Round "5.5"]
[White "Martic, I SRB"]
[Black "Todorovic, GM"]
[Result "1/2-1/2"]
[WhiteElo "2369"]
[BlackElo "2476"]
[EventDate "2015.11.24"]
[WhiteTitle "FM"]
[BlackTitle "GM"]
[WhiteFideId "929301"]
[BlackFideId "900168"]

1.e4 e5 2.Nf3 Nc6 3.Bc4 Nf6 4.d3 Bc5 5.O-O O-O 6.c3 d5 7.exd5 Nxd5 8.Re1 
Bg4 9.h3 Bh5 10.Nbd2 Nb6 11.Bb3 Kh8 12.Ne4 Bd6 13.Ng3 Bxf3 14.Qxf3 f5 15.
Nf1 Qh4 16.Qg3 Qh5 17.f4 Be7 18.Bd1 Qh4 19.Bf3 Qxg3 20.Nxg3 Bh4 21.Kh2 
exf4 22.Bxf4 g5 23.Bxc7 f4 24.Ne4 Bxe1 25.Rxe1 h6 26.Nc5 Rac8 1/2-1/2

[Event "29th Belgrade Trophy 2015"]
[Site "Belgrade SRB"]
[Date "2015.11.29"]
[Round "6.7"]
[White "Pikula, D"]
[Black "Jevtic, Mir"]
[Result "1-0"]
[WhiteElo "2464"]
[BlackElo "2061"]
[EventDate "2015.11.24"]
[WhiteTitle "GM"]
[WhiteFideId "906379"]
[BlackFideId "916285"]

1.e4 e5 2.Nf3 Nc6 3.Bc4 Bc5 4.c3 d6 5.O-O Bb6 6.Re1 Nf6 7.Bb3 O-O 8.d3 h6 
9.Nbd2 Ng4 10.Re2 a6 11.Nc4 Ba7 12.h3 Nf6 13.Re1 Re8 14.Nh2 d5 15.Nd2 dxe4
16.dxe4 Be6 17.Bc2 Qd7 18.Qf3 Rad8 19.Ndf1 Qe7 20.Ng3 Nh7 21.Nf5 Bxf5 22.
exf5 Ng5 23.Qg3 Kh8 24.Ng4 f6 25.b4 b5 26.a4 Bb6 27.axb5 axb5 28.Bxg5 fxg5
29.Re2 h5 30.Nh2 Ra8 31.Rae1 Ra3 32.Qf3 g4 33.Qxc6 g3 34.Nf3 gxf2+ 35.Rxf2
Bxf2+ 36.Kxf2 Rd8 37.Rxe5 Rd2+ 38.Kg3 Rd6 39.Qe8+ Qxe8 40.Rxe8+ Kh7 41.
Ng5+ 1-0

[Event "4th Central Asia Cup 2015"]
[Site "Almaty KAZ"]
[Date "2015.11.27"]
[Round "7.7"]
[White "Kuderinov, K"]
[Black "Sattarov, B"]
[Result "1-0"]
[WhiteElo "2469"]
[BlackElo "2318"]
[EventDate "2015.11.21"]
[WhiteTitle "IM"]
[WhiteFideId "13701568"]
[BlackFideId "14203081"]

1.e4 e5 2.Nf3 Nc6 3.Bc4 Bc5 4.c3 Nf6 5.d3 a6 6.Bb3 Ba7 7.Nbd2 d5 8.O-O O-O
9.Re1 Re8 10.h3 Be6 11.Ng5 h6 12.Nxe6 fxe6 13.Nf3 Qd6 14.Be3 Bxe3 15.Rxe3 
Rad8 16.Qc2 Qc5 17.Nxe5 Nxe5 18.d4 Qe7 19.dxe5 Nxe4 20.Qe2 Rf8 21.Rf1 Rf5 
22.Qe1 Rdf8 23.f3 Qc5 24.Kh2 Rg5 25.Rg1 Ng3 26.f4 Rxf4 27.Rxg3 Re4 28.Qd1 
Rxg3 29.Kxg3 Qe3+ 30.Kh2 Qf4+ 31.Kh1 Qxe5 32.Bc2 Re3 33.Rf1 c5 34.Qd2 Qg3 
35.Bb1 c4 36.Qc2 g6 37.Qa4 b5 1-0

[Event "156th MGU Open 2015"]
[Site "Sofia BUL"]
[Date "2015.11.29"]
[Round "4.7"]
[White "Kostov, N"]
[Black "Todev, Simeon"]
[Result "0-1"]
[WhiteElo "1798"]
[BlackElo "1310"]
[EventDate "2015.11.28"]
[WhiteFideId "2902869"]
[BlackFideId "2925133"]
[EventType "swiss"]

1.e4 e5 2.Nf3 Nc6 3.Bc4 Bc5 4.c3 Nf6 5.d3 d5 6.exd5 Nxd5 7.d4 exd4 8.cxd4 
Qe7+ 9.Kf1 Nb6 10.Bxf7+ Qxf7 11.dxc5 Nd5 12.Ng5 Qd7 13.Qh5+ g6 14.Qe2+ 
Nde7 15.h4 b6 16.h5 Ba6 17.hxg6 Qd1# 0-1

[Event "9th Figueira da Foz Open"]
[Site "Figueira da Foz POR"]
[Date "2015.11.24"]
[Round "5.7"]
[White "Lisowski, K"]
[Black "Romanishin, O"]
[Result "0-1"]
[WhiteElo "2116"]
[BlackElo "2474"]
[EventDate "2015.11.21"]
[BlackTitle "GM"]
[WhiteFideId "1110969"]
[BlackFideId "14100088"]

1.e4 e5 2.Nf3 Nc6 3.Bc4 Nf6 4.Ng5 d5 5.exd5 Na5 6.Bb5+ Bd7 7.Qe2 Be7 8.O-O
Nxd5 9.Bxd7+ Qxd7 10.Nf3 Nf4 11.Qxe5 Qg4 12.g3 Qxf3 13.Qxf4 Qxf4 14.gxf4 
O-O-O 15.d3 Nc6 16.Be3 Nd4 17.Bxd4 Rxd4 18.Nc3 Rxf4 19.Nd5 Rg4+ 20.Kh1 Bd6
21.Rg1 Rh4 22.Rxg7 Rxh2+ 23.Kg1 Rh5 24.Nf6 Rf5 25.Ne4 Be5 26.Rg2 Bxb2 27.
Re1 Be5 28.Ng5 Bf4 29.Nh3 Bd6 30.Re4 h6 31.Rg7 Be5 32.Rg2 b6 33.Kf1 Bd6 
34.Rg7 Rf8 35.Rh4 Rc5 36.c4 Ra5 37.Rxh6 Rxa2 38.Ng5 Bc5 39.Ne4 Bd4 40.Rg4 
Kb8 41.Rf4 a5 42.Nf6 Bxf6 43.Rhxf6 Rc2 44.Rd4 Kb7 0-1

[Event "9th Figueira da Foz Open"]
[Site "Figueira da Foz POR"]
[Date "2015.11.25"]
[Round "6.9"]
[White "Migala, A"]
[Black "Costa, JoaoG"]
[Result "1-0"]
[WhiteElo "1991"]
[BlackElo "2182"]
[EventDate "2015.11.21"]
[WhiteFideId "1119052"]
[BlackFideId "1901737"]

1.e4 e5 2.Nf3 Nc6 3.Bc4 Bc5 4.c3 Nf6 5.d4 exd4 6.cxd4 Bb4+ 7.Nc3 Nxe4 8.
O-O Bxc3 9.d5 Bf6 10.Re1 Ne7 11.Rxe4 d6 12.Bg5 Bxg5 13.Nxg5 h6 14.Qe2 hxg5
15.Re1 Be6 16.dxe6 f6 17.Re3 c6 18.Rh3 Rxh3 19.gxh3 g6 20.Bd3 Qa5 21.b4 
Qc7 22.Qb2 O-O-O 23.Qxf6 d5 24.Re5 Qd6 25.a3 a5 26.bxa5 Qxa3 27.Rxg5 d4 
28.a6 bxa6 29.Rg3 Qc1+ 30.Kg2 Nd5 31.Bxa6+ Kb8 32.Rb3+ Kc7 33.Qe5+ 1-0

[Event "9th Figueira da Foz Open"]
[Site "Figueira da Foz POR"]
[Date "2015.11.26"]
[Round "7.16"]
[White "Santos, Agostinho Manuel"]
[Black "Gama, Joao Goncalo Cerejeira"]
[Result "0-1"]
[WhiteElo "1603"]
[BlackElo "1376"]
[EventDate "2015.11.21"]
[WhiteFideId "1947761"]
[BlackFideId "1926667"]

1.e4 e5 2.Nf3 Nc6 3.Bc4 Bc5 4.O-O Nf6 5.d3 h6 6.Nbd2 O-O 7.c3 d6 8.h3 a6 
9.Qe2 Ba7 10.Bb3 b5 11.a3 Ne7 12.Rd1 c5 13.Nf1 Ng6 14.Be3 Be6 15.Bc2 d5 
16.d4 dxe4 17.Nxe5 Qc7 18.Nxg6 fxg6 19.dxc5 Bxc5 20.Bxc5 Qxc5 21.Ne3 Qg5 
22.Kh1 Qh4 23.Rd2 g5 24.Kg1 g4 25.hxg4 Bxg4 26.Qe1 Qg5 27.Nxg4 Qxg4 28.Qe3
Rae8 29.Rad1 Nh5 30.Rd7 Nf4 31.g3 Nh3+ 32.Kg2 Rxf2+ 33.Kh1 Rxc2 0-1

[Event "9th Figueira da Foz Open"]
[Site "Figueira da Foz POR"]
[Date "2015.11.27"]
[Round "8.10"]
[White "Adams, P"]
[Black "Costa, JoaoG"]
[Result "1/2-1/2"]
[WhiteElo "1993"]
[BlackElo "2182"]
[EventDate "2015.11.21"]
[WhiteFideId "411256"]
[BlackFideId "1901737"]

1.e4 e5 2.Nf3 Nc6 3.Bc4 Bc5 4.c3 Nf6 5.d3 a6 6.Bb3 d6 7.h3 h6 8.Nbd2 O-O 
9.Nf1 Ba7 10.g4 d5 11.Qe2 Be6 12.g5 dxe4 13.dxe4 hxg5 14.Bxg5 Bxb3 15.axb3
Qd6 16.Ng3 Ne7 17.Nh4 Ng6 18.Nhf5 Qb6 19.O-O Qe6 20.Kh2 Nh7 21.Be3 Nf4 22.
Qg4 g6 23.Nh6+ Kh8 24.Qxe6 Nxe6 25.Bxa7 Rxa7 26.Ng4 f6 27.Rad1 Rf7 28.h4 
Rg7 29.Nh6 Ra8 30.h5 Nhg5 31.hxg6 Rxg6 32.Nhf5 Nf4 33.f3 1/2-1/2

[Event "9th Figueira da Foz Open"]
[Site "Figueira da Foz POR"]
[Date "2015.11.27"]
[Round "8.15"]
[White "Gama, Joao Goncalo Cerejeira"]
[Black "Olea, L"]
[Result "0-1"]
[WhiteElo "1376"]
[BlackElo "2010"]
[EventDate "2015.11.21"]
[WhiteFideId "1926667"]
[BlackFideId "1202138"]

1.e4 e5 2.Nf3 Nc6 3.Bc4 Bc5 4.c3 Nf6 5.d3 d6 6.O-O a6 7.b4 Ba7 8.a4 a5 9.
b5 Ne7 10.Nbd2 Ng6 11.h3 Nf4 12.Nb3 N6h5 13.Bxf4 Nxf4 14.d4 Qf6 15.Nh2 Qg6
16.Ng4 h5 17.Ne3 Bxh3 18.Qf3 Bb6 19.Bd5 Bg4 20.Nxg4 hxg4 21.Qe3 Qh6 22.f3 
g3 23.Bxf7+ Kxf7 0-1

[Event "TCh-BEL 2015-16"]
[Site "Belgium BEL"]
[Date "2015.11.22"]
[Round "4.6"]
[White "Verlinde, T"]
[Black "Groffen, H"]
[Result "1/2-1/2"]
[WhiteElo "2294"]
[BlackElo "2152"]
[EventDate "2015.09.27"]
[WhiteTeam "KBSK 1"]
[BlackTeam "Jean Jaures 1"]
[WhiteFideId "209325"]
[BlackFideId "1004140"]

1.e4 e5 2.Nf3 Nc6 3.Bc4 Bc5 4.c3 Nf6 5.d4 exd4 6.cxd4 Bb4+ 7.Bd2 Nxe4 8.
Bxb4 Nxb4 9.Bxf7+ Kxf7 10.Qb3+ Kf8 11.Qxb4+ Qe7 12.Qxe7+ Kxe7 13.O-O Nf6 
14.Nc3 Kd8 15.Rfe1 d6 16.Re3 h6 17.Rae1 Re8 18.Rxe8+ Nxe8 19.Nh4 c6 20.f4 
b5 21.h3 a5 22.Kf2 Ra7 23.g4 Nf6 24.f5 Re7 25.Rxe7 Kxe7 26.Ng6+ Kf7 27.Ke3
Bd7 28.Ne4 Nxe4 29.Kxe4 Kf6 30.d5 c5 31.a3 Be8 32.Nf4 g6 33.Ne6 gxf5+ 34.
gxf5 Bd7 35.Kf4 a4 36.h4 Bc8 37.Nd8 Ke7 38.Nc6+ Kf6 39.Nd8 Ke7 40.Nc6+ Kf6
41.Nd8 1/2-1/2

[Event "TCh-BEL 2015-16"]
[Site "Belgium BEL"]
[Date "2015.11.29"]
[Round "5.5"]
[White "Braun, Christi2"]
[Black "Lenaerts, L"]
[Result "1-0"]
[WhiteElo "2422"]
[BlackElo "2268"]
[EventDate "2015.09.27"]
[WhiteTitle "IM"]
[BlackTitle "FM"]
[WhiteTeam "KSK47-Eynatten 1"]
[BlackTeam "CRELEL 1"]
[WhiteFideId "4692098"]
[BlackFideId "211435"]

1.e4 e5 2.Nf3 Nc6 3.Bc4 Bc5 4.c3 Nf6 5.d3 d6 6.Bb3 a6 7.h3 h6 8.Nbd2 Ba7 
9.Nf1 Be6 10.Bc2 Qd7 11.Ng3 d5 12.Qe2 O-O 13.Nh4 dxe4 14.dxe4 Ne7 15.Qf3 
Kh7 16.Nhf5 Nxf5 17.Nxf5 Bxf5 18.Qxf5+ Qxf5 19.exf5 Rad8 20.Ke2 g6 21.g3 
Kg7 22.a4 e4 23.fxg6 fxg6 24.Be3 Bxe3 25.Kxe3 Nd5+ 26.Ke2 e3 27.fxe3 Rde8 
28.e4 Nf6 29.Ke3 Re7 30.a5 Nd5+ 31.Kd4 Rf2 32.Bd3 Nf6 33.b4 Rf3 34.Bc2 
Rd7+ 35.Kc4 Rd2 36.Kb3 Rxg3 37.Rag1 Rxg1 38.Rxg1 g5 39.h4 Re2 40.hxg5 hxg5
41.Rxg5+ Kf7 42.Re5 Nd7 43.Rh5 Ke6 44.Bd3 Re3 45.Bc4+ Kd6 46.Rh6+ Ke7 47.
Be6 Nf6 48.Bf5 Kf7 49.Rh8 Ke7 50.Kc4 Ne8 51.Kd4 Rf3 52.Rh7+ Kf6 53.Bc8 Kg6
54.Rh3 Rf7 55.Rg3+ Kh6 56.e5 c6 57.Kc5 Rc7 58.Bh3 Re7 59.e6 Nf6 60.Bf5 
Rxe6 61.Rh3+ 1-0

[Event "TCh-BEL 2015-16"]
[Site "Belgium BEL"]
[Date "2015.11.29"]
[Round "5.2"]
[White "Poetsch, H"]
[Black "De Wit, M"]
[Result "1-0"]
[WhiteElo "2506"]
[BlackElo "2234"]
[EventDate "2015.09.27"]
[WhiteTitle "IM"]
[BlackTitle "FM"]
[WhiteTeam "Wirtzfeld 1"]
[BlackTeam "TBCC 1"]
[WhiteFideId "24615137"]
[BlackFideId "1002210"]

1.e4 e5 2.Nf3 Nc6 3.Bc4 Nf6 4.Ng5 d5 5.exd5 Na5 6.Bb5+ c6 7.dxc6 bxc6 8.
Bd3 Bd6 9.Nc3 O-O 10.O-O Bg4 11.Be2 Bd7 12.d4 Qc7 13.dxe5 Bxe5 14.Nf3 Bxc3
15.bxc3 Rad8 16.Bg5 Bg4 17.Nd4 Bxe2 18.Qxe2 Rde8 19.Qf3 Nd5 20.Rad1 Re5 
21.Bh4 f5 22.Rfe1 Nc4 23.h3 Nd2 24.Qd3 Ne4 25.Bg3 Nxg3 26.Rxe5 Qxe5 27.
Nxc6 Ne2+ 28.Kh1 Qxc3 29.Qxd5+ Kh8 30.Ne5 g6 31.Qd6 Qc8 32.Re1 Nc3 33.Nd7 
Rf7 34.Qd4+ 1-0

[Event "London Classic Open 2015"]
[Site "London ENG"]
[Date "2015.12.05"]
[Round "2.82"]
[White "Shah, Dipak K"]
[Black "Jameson, D"]
[Result "0-1"]
[WhiteElo "1837"]
[BlackElo "2088"]
[EventDate "2015.12.04"]
[WhiteFideId "425842"]
[BlackFideId "1801538"]

1.e4 e5 2.Nf3 Nc6 3.Bc4 Bc5 4.O-O Nf6 5.d3 d5 6.exd5 Nxd5 7.h3 O-O 8.Nc3 
Nxc3 9.bxc3 Qf6 10.Be3 Bb6 11.Bxb6 axb6 12.Nd2 Bd7 13.Qf3 Qg6 14.Qe3 Rae8 
15.Ne4 h6 16.Kh2 Ne7 17.g4 Bc6 18.Rg1 Bxe4 19.dxe4 Qc6 20.Bb3 Qc5 21.Qg3 
g5 22.Rad1 Ng6 23.Qe3 Rd8 24.Rd5 Qxe3 25.fxe3 Rxd5 26.exd5 Rd8 27.Rf1 Rd6 
28.Kg3 Kf8 29.c4 Ke7 30.a4 Rf6 31.Rf2 Rxf2 32.Kxf2 e4 33.c3 Kd6 34.Bc2 Ke5
35.Kg3 Ne7 36.Kf2 Ng6 37.Bd1 Nf8 38.Kg3 Nd7 39.h4 Nc5 40.h5 Nd3 41.Kg2 f5 
42.gxf5 Kxf5 43.Kg3 Ne5 44.Be2 g4 45.a5 bxa5 46.c5 a4 47.d6 cxd6 48.cxd6 
Ke6 49.d7 Nxd7 50.Kxg4 Ke5 51.Bb5 Nb6 52.c4 a3 53.c5 a2 0-1

[Event "London Classic Open 2015"]
[Site "London ENG"]
[Date "2015.12.05"]
[Round "3.27"]
[White "Semprun Martinez, F"]
[Black "Fodor, T jr"]
[Result "0-1"]
[WhiteElo "2200"]
[BlackElo "2492"]
[EventDate "2015.12.04"]
[BlackTitle "GM"]
[WhiteFideId "2203170"]
[BlackFideId "723762"]

1.e4 e5 2.Nf3 Nc6 3.Bc4 Bc5 4.c3 Nf6 5.d4 exd4 6.cxd4 Bb4+ 7.Bd2 Bxd2+ 8.
Nbxd2 d5 9.exd5 Nxd5 10.Qb3 Nce7 11.O-O O-O 12.Ne4 c6 13.Rfe1 Qb6 14.Nc5 
Qxb3 15.Bxb3 h6 16.Rac1 Rd8 17.h3 Kf8 18.a3 Rb8 19.Kh2 b6 20.Nd3 Be6 21.
Nfe5 Rbc8 22.Bxd5 Bxd5 23.Nb4 f6 24.Nxd5 Rxd5 25.Nf3 Kf7 26.Rc2 g5 27.Rce2
Rd7 28.g4 h5 29.Re4 Rh8 30.h4 hxg4 31.Rxg4 Nf5 32.Rc1 Rd6 33.Kh3 Re6 34.
Rc2 Ke7 35.d5 cxd5 36.Rc7+ Kd6 37.Rxa7 Re2 38.Nd4 Nxd4 39.Rxd4 Rxb2 40.f3 
Rb3 0-1